000 00701nam a22002297a 4500
005 20170124105932.0
010 _a469891
020 _c05.00
035 _a469891
037 _bCen Lib/Ret
040 _aDPL
_bEN
082 _a230.35
_bJOY
100 _aJyoti, Divya Jivana
_98525
245 _aSivandana :
_cby Divya Jivana Jyoti
_bmy god /
260 _aUttrakhand
_bThe Yoga- Vedanta Forest University
_c1957
270 _aAnanda Kutir, P.O. Sivanandannagar. Rishikesh
_bUttrakhand
300 _axlviii;433p. :
_c17cm(Hb)
_bill.
490 _aJubilee Series No. 15
650 _aHinduism
_9109637
650 _aReligion- Hinduism
_9109638
942 _2ddc
_cEN
_h230.35
_mJOY
999 _c123917
_d123917